A national party no more : (Record no. 714)

MARC details
000 -LEADER
fixed length control field 00767cam a22002534a 4500
005 - DATE AND TIME OF LATEST TRANSACTION
control field 20260322212031.0
008 - FIXED-LENGTH DATA ELEMENTS--GENERAL INFORMATION
fixed length control field data
010 ## - LIBRARY OF CONGRESS CONTROL NUMBER
LC control number 2003019269
020 ## - INTERNATIONAL STANDARD BOOK NUMBER
International Standard Book Number 0974537616 (alk. paper)
020 ## - INTERNATIONAL STANDARD BOOK NUMBER
International Standard Book Number 9780974537610 (alk. paper)
040 ## - CATALOGING SOURCE
Original cataloging agency DLC
Transcribing agency DLC
Modifying agency DLC
042 ## - AUTHENTICATION CODE
Authentication code pcc
043 ## - GEOGRAPHIC AREA CODE
Geographic area code n-us---
050 00 - LIBRARY OF CONGRESS CALL NUMBER
Classification number JK2316
Item number .M37 2003
082 00 - DEWEY DECIMAL CLASSIFICATION NUMBER
Classification number 324.2736
Edition information 22
092 ## - LOCALLY ASSIGNED DEWEY CALL NUMBER (OCLC)
Classification number 324.27 Mil 2003
001 - CONTROL NUMBER
control field data
100 1# - MAIN ENTRY--PERSONAL NAME
Personal name Miller, Zell,
Dates associated with a name 1932-
245 12 - TITLE STATEMENT
Title A national party no more :
Remainder of title the conscience of a conservative Democrat /
Statement of responsibility, etc. Zell Miller.
260 ## - PUBLICATION, DISTRIBUTION, ETC.
Place of publication, distribution, etc. Macon, Ga. :
Name of publisher, distributor, etc. Stroud & Hall Pub.,
Date of publication, distribution, etc. c2003.
300 ## - PHYSICAL DESCRIPTION
Extent xvi, 240 p. :
Other physical details ill. ;
Dimensions 24 cm.
610 20 - SUBJECT ADDED ENTRY--CORPORATE NAME
Corporate name or jurisdiction name as entry element Democratic Party (U.S.)
856 41 - ELECTRONIC LOCATION AND ACCESS
Materials specified Table of contents
Uniform Resource Identifier <a href="http://www.loc.gov/catdir/toc/ecip048/2003019269.html">http://www.loc.gov/catdir/toc/ecip048/2003019269.html</a>
Holdings
Withdrawn status Lost status Damaged status Not for loan Home library Current library Shelving location Date acquired Total checkouts Full call number Barcode Date last seen Price effective from Koha item type
        Midway Midway General stacks 22/03/2026   324.2736 22 BC0010731 22/03/2026 22/03/2026 Books